LEADER 05124nam 2200757Ia 450 001 9910139564503321 005 20210209204554.0 010 $a1-4443-9492-4 010 $a1-4443-9493-2 010 $a1-78268-443-3 010 $a1-283-40813-9 010 $a9786613408136 010 $a1-4443-5075-7 010 $a1-4443-9491-6 035 $a(CKB)2550000000063573 035 $a(EBL)675172 035 $a(OCoLC)742333190 035 $a(SSID)ssj0000535229 035 $a(PQKBManifestationID)11333946 035 $a(PQKBTitleCode)TC0000535229 035 $a(PQKBWorkID)10523089 035 $a(PQKB)11533601 035 $a(MiAaPQ)EBC675172 035 $a(MiAaPQ)EBC5247950 035 $a(Au-PeEL)EBL5247950 035 $a(CaONFJC)MIL340813 035 $a(OCoLC)746324302 035 $a(EXLCZ)992550000000063573 100 $a20110114d2011 uy 0 101 0 $aeng 135 $aur|n|---||||| 181 $ctxt 182 $cc 183 $acr 200 02$aA companion to cognitive anthropology$b[electronic resource] /$fedited by David B. Kronenfeld ... [et al.] 205 $a1st ed. 210 $aChichester, West Sussex ;$aMalden, MA $cWiley-Blackwell$d2011 215 $a1 online resource (625 p.) 225 1 $aBlackwell companions to anthropology ;$v16 300 $aDescription based upon print version of record. 311 $a1-119-11165-X 311 $a1-4051-8778-6 320 $aIncludes bibliographical references and index. 327 $aA Companion to Cognitive Anthropology; Contents; Notes on Contributors; Acknowledgments; Introduction; PART I History of Cognitive Anthropology; Nature and Types of Cultural Knowledge Structures; 1 A History of Cognitive Anthropology; 2 The History of the Cultural Models School Reconsidered: A Paradigm Shift in Cognitive Anthropology; 3 The Cognitive Context of Cognitive Anthropology; 4 The Limits of the Habitual: Shifting Paradigms for Language and Thought; 5 Types of Collective Representations: Cognition, Mental Architecture, and Cultural Knowledge 327 $a6 Personal Knowledge and Collective RepresentationsPART II Methodologies; 7 How to Collect Data that Warrant Analysis; 8 Data, Method, and Interpretation in Cognitive Anthropology; 9 Multi-Item Scales and Cognitive Ethnography; 10 Consensus Analysis; 11 Narrative, Mind, and Culture; 12 Simulation (and Modeling); PART III Cognitive Structures of Cultural Domains; 13 Mathematical Representation of Cultural Constructs; 14 Kinship Theory and Cognitive Theory in Anthropology; 15 Numerical Cognition and Ethnomathematics 327 $a16 "Indigenous Knowledge" and the Understanding of Cultural Cognition: The Contribution of Studies of Environmental Knowledge Systems17 Emotions, Motivation, and Behavior in Cognitive Anthropology; 18 Social Networks, Cognition, and Culture; PART IV Cognitive Anthropology and Other Disciplines; 19 Culture and Cognition: The Role of Cognitive Anthropology in Anthropology and the Cognitive Sciences; 20 Cultural Models, Power, and Hegemony; 21 Cognitive Anthropology through a Gendered Lens; 22 Sociality in Cognitive and Sociocultural Anthropologies: The Relationships Aren't Just Additive 327 $a23 Cognitive Anthropology and Education: Foundational Models of Self and Cultural Models of Teaching and Learning in Japan and the United States24 Archaeological Approaches to Cognitive Evolution; PART V Some Examples of Contemporary Research; 25 The Distributed Cognition Model of Mind; 26 A Foundational Cultural Model in Polynesia: Monarchy, Democracy, and the Architecture of the Mind; 27 Cognitive Approaches to the Study of Romantic Love: Semantic, Cross-Cultural, and as a Process 327 $a28 Trouble as Part of Everyday Life: Cognitive and Sociocultural Processes in Avoiding and Responding to Illness29 Using Consensus Analysis to Investigate Cultural Models of Alzheimer's Disease; Afterword: One Cognitive View of Culture; Index 330 $aA Companion to Cognitive Anthropology offers a comprehensive overview of the development of cognitive anthropology from its inception to the present day and presents recent findings in the areas of theory, methodology, and field research in twenty-nine key essays by leading scholars.Demonstrates the importance of cognitive anthropology as an early constituent of the cognitive sciences Examines how culturally shared and complex cognitive systems work, how they are structured, how they differ from one culture to another, how they are learned and passed onExplains how cult 410 0$aBlackwell companions to anthropology ;$v16. 606 $aEthnopsychology 606 $aCognition and culture 608 $aElectronic books. 615 0$aEthnopsychology. 615 0$aCognition and culture. 676 $a153 676 $a301 686 $aSOC002010$2bisacsh 701 $aKronenfeld$b David B.$f1941-$0966040 801 0$bMiAaPQ 801 1$bMiAaPQ 801 2$bMiAaPQ 906 $aBOOK 912 $a9910139564503321 996 $aA companion to cognitive anthropology$92192303 997 $aUNINA LEADER 02665nam 2200697 450 001 9910807876003321 005 20230803022219.0 010 $a0-271-06094-8 010 $a0-271-06247-9 024 7 $a10.1515/9780271062471 035 $a(CKB)2550000001142493 035 $a(EBL)3385103 035 $a(SSID)ssj0001042938 035 $a(PQKBManifestationID)11641900 035 $a(PQKBTitleCode)TC0001042938 035 $a(PQKBWorkID)11059567 035 $a(PQKB)10745628 035 $a(MiAaPQ)EBC3385103 035 $a(OCoLC)857493075 035 $a(MdBmJHUP)muse27871 035 $a(MiAaPQ)EBC6224168 035 $a(DE-B1597)584181 035 $a(DE-B1597)9780271062471 035 $a(OCoLC)1253313488 035 $a(EXLCZ)992550000001142493 100 $a20200929d2013 uy 0 101 0 $aeng 135 $aur|n|---||||| 181 $ctxt 182 $cc 183 $acr 200 10$aCritical shift $erereading Jarves, Cook, Stillman, and the narratives of nineteenth-century American art /$fKaren L. Georgi 210 1$aUniversity Park, Pennsylvania :$cThe Pennsylvania State University Press,$d[2013] 210 4$dİ2013 215 $a1 online resource (150 p.) 300 $aDescription based upon print version of record. 311 $a0-271-06066-2 320 $aIncludes bibliographical references and index. 327 $aRereading James Jackson Jarves's art-idea -- Clarence Cook and Jarves : fact, feeling, and the discourse of truthfulness in art -- A further look at Clarence Cook and the "revolution" in art -- William J. Stillman's Ruskinian criticism : metaphor and essential meaning -- Art discourse after Ruskin : time and history in art. 330 $a"A reassessment of the writings of the mid-nineteenth-century American art critics James Jackson Jarves (1818-1888), Clarence Cook (1828-1900), and William J. Stillman (1828-1901), and their role in the historiography of American art"--Provided by publisher. 606 $aArt criticism$zUnited States$xHistory$y19th century 610 $a. 610 $aArt-Idea. 610 $aClarence Cook Art History Art. 610 $aCriticism Nineteenth-Century American Art. 610 $aJames Jackson Jarves. 610 $aKaren L. Georgi. 610 $aWilliam J. Stillman. 610 $aunited states. 610 $aus. 610 $ausa. 615 0$aArt criticism$xHistory 676 $a701.180973 700 $aGeorgi$b Karen$f1966-$01687050 801 0$bMiAaPQ 801 1$bMiAaPQ 801 2$bMiAaPQ 906 $aBOOK 912 $a9910807876003321 996 $aCritical shift$94060242 997 $aUNINA LEADER 03112nam 2200673Ia 450 001 9910972142903321 005 20200520144314.0 010 $a6611029915 010 $a1-281-02991-2 010 $a9786611029913 010 $a1-60750-274-7 010 $a600-00-0523-7 010 $a1-4356-0875-5 035 $a(CKB)1000000000479714 035 $a(EBL)320326 035 $a(SSID)ssj0000224699 035 $a(PQKBManifestationID)11187024 035 $a(PQKBTitleCode)TC0000224699 035 $a(PQKBWorkID)10210924 035 $a(PQKB)10561154 035 $a(Au-PeEL)EBL320326 035 $a(CaPaEBR)ebr10196606 035 $a(CaONFJC)MIL102991 035 $a(OCoLC)491257328 035 $a(MiAaPQ)EBC320326 035 $a(EXLCZ)991000000000479714 100 $a20071019d2007 uy 0 101 0 $aeng 135 $aur|n|---||||| 181 $ctxt 182 $cc 183 $acr 200 00$aPortugal SB07$b[electronic resource] $esustainable construction, materials and practices : challenge of the industry for the new millenium$hPart 1 /$fedited by Luis Braganca ... [et al.] 205 $a1st ed. 210 $aAmsterdam, Netherlands $cDelft University Press$dc2007 215 $a1 online resource (1178 p.) 300 $a"The international conference 'Portugal SB07: Sustainable Construction, Materials and Practices - Challenge of the Industry for the New Millenium'."--P. v. 311 08$a1-58603-785-4 320 $aIncludes bibliographical references and index. 327 $aTitle page; Foreword; Welcome; Contents; Actions and Policies to Implement Sustainable Construction; Sustainable Management of Existing Building Stock; Building Sustainability Assessment Tools; Design for Sustainability; Designing the Sustainable City of Tomorrow and Urban Sustainability; Sustainable Resources, Eco-Materials and Technologies; Use of Industrial Waste; Innovative Sustainable Construction Systems; Case Studies; Author Index 330 $aThe construction industry is a vibrant and active industry. The building sector is responsible for creating, modifying and improving the living environment of humanity. This volume presents solutions that facilitate and promote the adoption of policies, methods and tools to accelerate the movement towards a global sustainable built environment. 517 3 $aSustainable construction, materials and practices 606 $aSustainable buildings$xDesign and construction$vCongresses 606 $aSustainable architecture$vCongresses 606 $aConstruction industry$xManagement$vCongresses 606 $aConstruction industry$xEnvironmental aspects$vCongresses 615 0$aSustainable buildings$xDesign and construction 615 0$aSustainable architecture 615 0$aConstruction industry$xManagement 615 0$aConstruction industry$xEnvironmental aspects 676 $a690 701 $aBraganc?a$b Luis$01630872 801 0$bMiAaPQ 801 1$bMiAaPQ 801 2$bMiAaPQ 906 $aBOOK 912 $a9910972142903321 996 $aPortugal SB07$94383147 997 $aUNINA